| 000 | 00534nam a2200169 i 4500 | ||
|---|---|---|---|
| 001 | 82739 | ||
| 003 | ES-MaACL | ||
| 005 | 20230906174726.0 | ||
| 007 | t| | ||
| 008 | 041111s1935 sp ||||1| spa d | ||
| 245 | 0 | 3 | _aLos idiomas aborígenes y su conservación. |
| 260 |
_a[S.l. : _bs.n., _c1935] |
||
| 300 |
_a48 p. ; _c20 cm. |
||
| 500 | _aPrecede al tít.: Séptimo Congreso Científico Americano. Sección XIII. Indigenistas. | ||
| 711 | 2 |
_aCongreso Científico Americano ( _n7º. _dMéxico) _9288 |
|
| 852 |
_aES-MaACL _j1806-F-9 |
||
| 999 |
_c82739 _d82739 |
||